| 000 | 00000nam##2200000za#4500 |
| 001 | 9.571484 |
| 003 | CaOODSP |
| 005 | 20210624182739 |
| 007 | cr ||||||||||| |
| 008 | 150406|2005||||xxc|||||o f|0| 0 eng|d |
| 040 | |aCaOODSP|beng |
| 043 | |an-cn--- |
| 086 | 1 |aTU3-5/05-26E-PDF |
| 110 | 2 |aTransportation Safety Board of Canada. |
| 245 | 10|aIn-flight engine shutdown-- Cascade Aerospace Inc., Bombardier DHC-8-402 C-FBAM, Abbotsford, British Columbia, 15 nm N, 15 June 2005 |h[electronic resource] |
| 260 | |aGatineau - Quebec : |bTransportation Safety Board of Canada |c[2006]. |
| 300 | |a8p. |
| 490 | 1 |aAviation investigation report |vA05P0137 |
| 500 | |a"The Board authorized the release of this report on 23 August 2006."--p.8 of 8. |
| 590 | |a12-19-Supp|b2012-04-30 |
| 775 | 08|tArrêt moteur en vol du Bombardier DHC-8-402 C-FBAM, exploité par Cascade Aerospace Inc. à 15 nm au nord d'Abbotsford (Colombie-Britannique), le 15 juin 2005 |w(CaOODSP)9.602077 |
| 830 | #0|aAviation investigation report ;|vA05P0137|w(CaOODSP)9.504825 |
| 856 | 40|ahttp://publications.gc.ca|qPDF|s154 KB|uhttps://publications.gc.ca/collections/collection_2011/bst-tsb/TU3-5-05-26-eng.pdf|yA05P0137 |